| 000 | 00881nam a2200205Ia 4500 | ||
|---|---|---|---|
| 003 | IT-RoPAU | ||
| 005 | 20220918175914.0 | ||
| 008 | 120407s9999 xx 000 0 und d | ||
| 040 |
_aIT-RoPAU _c20130405104736.0 |
||
| 040 | _cIT-RoPAU | ||
| 041 | _aita | ||
| 245 |
_a4° Convegno dei formatori Paolini. _bAriccia 30 settembre - 2 ottobre 1983 |
||
| 250 | _a1° ed | ||
| 260 |
_aRoma _bSSP _c1983 |
||
| 300 |
_a57 p. _c29 cm |
||
| 490 |
_v4° Conv _aSSP - Roma |
||
| 520 | _aIndice Presentazione Giovani e tappe di formazione, di P. Sante Bisignano 1. I Nostri giovani e i problemi formativi 2. Problemi formativi riguardanti la preparazione al noviziato 3. Noviziato e periodo successivo 4. Il periodo di formazione dal primo impegno alla professione definitiva Professione Perpetua A modo di conclusione: problemi formativi specifici | ||
| 942 |
_cBK _2ddc |
||
| 999 |
_c35786 _d35786 |
||